[Event "9eme Open International de La Fere"]
[Site "La Fere (FRA)"]
[Date "2010.07.06"]
[Round "5.38"]
[White "Blondel, Francis"]
[Black "Vernadet, Cyril"]
[Result "0-1"]
[WhiteElo "1576"]
[BlackElo "1750"]
[PlyCount "96"]
[EventDate "2010.??.??"]

1. d4 e6 2. c4 Nf6 3. Nf3 d5 4. Nc3 b6 5. Bg5 Be7 6. e3 h6 7. Bxf6 Bxf6 8. cxd5
exd5 9. Bd3 O-O 10. O-O c6 11. Qc2 Qd6 12. e4 dxe4 13. Nxe4 Qf4 14. Nxf6+ Qxf6
15. Rfe1 Na6 16. a3 Nc7 17. Rad1 Qd6 18. Ne5 Bb7 19. Be4 Nd5 20. Rd3 f5 21. Bf3
Rae8 22. Qd1 Re6 23. Bh5 Nf4 24. Rg3 c5 25. Bf3 Bxf3 26. Rxf3 g5 27. g3 Nh3+
28. Kg2 g4 29. Nxg4 fxg4 30. Rxf8+ Kxf8 31. Rxe6 Qxe6 32. dxc5 Qc6+ 33. f3 bxc5
34. Qd3 Qf6 35. Qb3 Qe5 36. fxg4 Ng5 37. Qd3 Qe4+ 38. Qxe4 Nxe4 39. Kf3 Nd2+
40. Ke2 Nc4 41. b4 cxb4 42. axb4 Ne5 43. h3 Nc6 44. h4 Nxb4 45. g5 hxg5 46. h5
g4 47. Ke3 a5 48. Kd2 Kg7 0-1

[Event "9eme Open International de La Fere"]
[Site "La Fere (FRA)"]
[Date "2010.07.06"]
[Round "5.39"]
[White "Dagnicourt, Francis"]
[Black "Devaux, Jean-Marc"]
[Result "1-0"]
[WhiteElo "1748"]
[BlackElo "1560"]
[PlyCount "43"]
[EventDate "2010.??.??"]

1. d4 e6 2. c4 d5 3. Nf3 Nf6 4. Nc3 c5 5. cxd5 exd5 6. Bg5 Be6 7. e3 Be7 8.
Bb5+ Nc6 9. Bxc6+ bxc6 10. O-O Bg4 11. Qa4 Qc7 12. Bxf6 Bxf6 13. Nxd5 Qd6 14.
Nxf6+ gxf6 15. dxc5 Qe6 16. Nd4 Qd5 17. Qxc6+ Qxc6 18. Nxc6 Rg8 19. g3 Rc8 20.
Nxa7 Rxc5 21. Rfc1 Rgg5 22. b4 1-0

[Event "9eme Open International de La Fere"]
[Site "La Fere (FRA)"]
[Date "2010.07.06"]
[Round "5.40"]
[White "Roux, Jean-Francois"]
[Black "Tivol, Thierry"]
[Result "1/2-1/2"]
[WhiteElo "1588"]
[BlackElo "1740"]
[PlyCount "60"]
[EventDate "2010.??.??"]

1. d4 c6 2. c4 d5 3. Nf3 Nf6 4. e3 Bf5 5. cxd5 Nxd5 6. Nc3 e6 7. Nxd5 exd5 8.
Bd2 Nd7 9. Be2 Bd6 10. O-O O-O 11. a4 Re8 12. b4 Nf6 13. Qb3 Ne4 14. Rfc1 Nxd2
15. Nxd2 Bc7 16. Nf3 Qf6 17. b5 Rab8 18. a5 Bd7 19. b6 axb6 20. axb6 Bd6 21.
Ra7 Be6 22. Qc2 Bf5 23. Bd3 Be4 24. Bxe4 Rxe4 25. Rca1 Ree8 26. Nd2 Qe7 27. Nb3
Qd8 28. Nc5 Bxc5 29. dxc5 Qe7 30. Qc3 Red8 1/2-1/2

[Event "9eme Open International de La Fere"]
[Site "La Fere (FRA)"]
[Date "2010.07.06"]
[Round "5.41"]
[White "Fauchart, Francois"]
[Black "Van Poucke, Philippe"]
[Result "1-0"]
[WhiteElo "1608"]
[BlackElo "1730"]
[PlyCount "86"]
[EventDate "2010.??.??"]

1. d4 c5 2. c3 d5 3. Nf3 Nc6 4. Bf4 Bd7 5. e3 c4 6. Nbd2 Nf6 7. h3 g6 8. Be2
Bg7 9. O-O O-O 10. Bh2 b5 11. a3 Re8 12. b4 Bf5 13. g4 Bc8 14. a4 Qb6 15. axb5
Qxb5 16. Ne5 Nd7 17. Nxc6 Qxc6 18. Bf3 e5 19. e4 Nb6 20. dxe5 Bxe5 21. Bxe5
Rxe5 22. Ra5 Bb7 23. Rb5 Qf6 24. exd5 Nxd5 25. Bxd5 Rxd5 26. Ne4 Qd8 27. Rxd5
Bxd5 28. Qxd5 Qxd5 29. Nf6+ Kg7 30. Nxd5 a5 31. Ra1 a4 32. Nb6 Rd8 33. Rxa4 Rd3
34. Ra3 Rxh3 35. Kg2 Rh4 36. f3 h5 37. gxh5 gxh5 38. Ra5 Rf4 39. Rxh5 Rf6 40.
Nxc4 Re6 41. Re5 Rc6 42. Re4 f5 43. Rd4 Kf6 1-0

[Event "9eme Open International de La Fere"]
[Site "La Fere (FRA)"]
[Date "2010.07.06"]
[Round "5.43"]
[White "Chevance, Gerard"]
[Black "Parent, Henri"]
[Result "1/2-1/2"]
[WhiteElo "1677"]
[BlackElo "1776"]
[PlyCount "70"]
[EventDate "2010.??.??"]

1. d4 Nf6 2. Nf3 d5 3. c4 c6 4. cxd5 Nxd5 5. e4 Nf6 6. Nc3 Bg4 7. Be2 e6 8. a3
Be7 9. O-O O-O 10. Be3 Qc7 11. Rc1 Rd8 12. Qc2 Nbd7 13. Rfd1 c5 14. h3 Bh5 15.
d5 Bg6 16. dxe6 fxe6 17. Ng5 Nf8 18. Bc4 Bf7 19. Qb3 a6 20. Bxe6 Bxe6 21. Nxe6
Nxe6 22. Qxe6+ Kf8 23. Nd5 Nxd5 24. exd5 Rd6 25. Qf5+ Kg8 26. Rxc5 Qd8 27. Qc2
Rd7 28. Rc4 b5 29. Rg4 Rc8 30. Qb3 Kh8 31. Qd3 Bf6 32. Qc2 Qc7 33. Re4 h6 34.
Re6 Re8 35. d6 Qc4 1/2-1/2

[Event "9eme Open International de La Fere"]
[Site "La Fere (FRA)"]
[Date "2010.07.06"]
[Round "5.44"]
[White "Van Foreest, Lucas"]
[Black "Guille, Nicolas"]
[Result "1-0"]
[WhiteElo "1641"]
[BlackElo "1775"]
[PlyCount "91"]
[EventDate "2010.??.??"]

1. e4 e5 2. Bc4 Nc6 3. Nc3 Bc5 4. Nf3 d6 5. h3 f5 6. Bxg8 Rxg8 7. exf5 Bxf5 8.
d3 Nd4 9. Nxd4 Bxd4 10. Ne2 Bb6 11. Ng3 Rf8 12. O-O Qh4 13. Qh5+ Qxh5 14. Nxh5
Rf7 15. Be3 Kd7 16. Bxb6 axb6 17. Ng3 Bg6 18. f3 d5 19. Rfe1 Kd6 20. Re2 c5 21.
a3 Rf4 22. Rae1 Re8 23. b3 b5 24. Rd2 c4 25. Ne2 Rh4 26. Nc3 cxd3 27. cxd3 b4
28. Nb5+ Kc5 29. a4 Kb6 30. Rc1 Re6 31. Rc7 Rc6 32. Rxg7 Rc1+ 33. Kf2 Rb1 34.
Kg3 Rh5 35. Nd6 Rxb3 36. Nxb7 Rxd3 37. Rxg6+ Ka7 38. Rxd3 hxg6 39. Nd8 Kb6 40.
Rxd5 e4 41. Rd4 Kc5 42. Ne6+ Kc6 43. Rxb4 e3 44. Re4 Ra5 45. Nf4 g5 46. Nd3 1-0

[Event "9eme Open International de La Fere"]
[Site "La Fere (FRA)"]
[Date "2010.07.06"]
[Round "5.45"]
[White "Biniaux, Michael"]
[Black "Herman, Jose"]
[Result "1-0"]
[WhiteElo "1772"]
[BlackElo "1640"]
[PlyCount "79"]
[EventDate "2010.??.??"]

1. d4 d5 2. e3 Nf6 3. Bd3 Nc6 4. f4 Bg4 5. Nf3 g6 6. Nbd2 Bg7 7. c3 O-O 8. O-O
a6 9. Qe1 Re8 10. Ne5 Bc8 11. Qh4 Nd7 12. Ndf3 Nf8 13. Ng5 Nxe5 14. fxe5 f6 15.
Nxh7 f5 16. Ng5 Bd7 17. Rf3 e6 18. b3 Rc8 19. Ba3 c5 20. g4 Re7 21. gxf5 exf5
22. Rb1 Rf7 23. Rh3 Rc6 24. Bxc5 Rxc5 25. dxc5 Bxe5 26. Nxf7 Qxh4 27. Rxh4 Kxf7
28. e4 dxe4 29. Bxe4 Bxc3 30. Bd5+ Kg7 31. Rc1 Bf6 32. Rb4 Bb2 33. Rc2 Be5 34.
Bxb7 Kf6 35. Rb6+ Kg5 36. Rxa6 Bd4+ 37. Kg2 Bb5 38. Ra8 Nd7 39. a4 Bxa4 40.
Rxa4 1-0

[Event "9eme Open International de La Fere"]
[Site "La Fere (FRA)"]
[Date "2010.07.06"]
[Round "5.46"]
[White "Sogny, Richard"]
[Black "Brobecker, Alain"]
[Result "0-1"]
[WhiteElo "1640"]
[BlackElo "1767"]
[PlyCount "112"]
[EventDate "2010.??.??"]

1. d4 d6 2. c4 g6 3. Nc3 Nf6 4. Bg5 Bg7 5. e4 Nc6 6. Nf3 O-O 7. Be2 e5 8. Nd5
exd4 9. Nxf6+ Bxf6 10. Qd2 Re8 11. Qf4 Bxg5 12. Nxg5 f6 13. Nf3 Ne5 14. Nxd4
Qe7 15. f3 f5 16. O-O g5 17. Qd2 f4 18. Rae1 Qf6 19. b3 Bd7 20. Nb5 Rec8 21.
Qd5+ Qf7 22. Qxb7 Bc6 23. Qxc8+ Rxc8 24. Nxa7 Ra8 25. Nxc6 Nxc6 26. c5 Ne5 27.
cxd6 cxd6 28. Ra1 Qa7+ 29. Kh1 Qe3 30. Rfe1 Nd3 31. Bxd3 Qxd3 32. b4 Ra4 33.
Red1 Rxa2 34. Rab1 Qe2 35. Rg1 Rb2 36. Rbd1 Qa6 37. Rd5 h6 38. Rgd1 Rxb4 39. h3
Rb6 40. e5 dxe5 41. Rxe5 Kf7 42. Rde1 Qa2 43. R5e2 Rb2 44. Re7+ Kf6 45. Rc7 Rb1
46. Rc6+ Kg7 47. Rc7+ Kg6 48. Rc6+ Kh5 49. Rxb1 Qxb1+ 50. Kh2 Qb5 51. Rc2 Kg6
52. Rd2 h5 53. Rd6+ Kf5 54. Rh6 Qe8 55. Rxh5 Qxh5 56. g4+ fxg3+ 0-1

[Event "9eme Open International de La Fere"]
[Site "La Fere (FRA)"]
[Date "2010.07.06"]
[Round "5.47"]
[White "Lorente, Philippe"]
[Black "Debevere, Francois-Xavier"]
[Result "1-0"]
[WhiteElo "1632"]
[BlackElo "1740"]
[PlyCount "73"]
[EventDate "2010.??.??"]

1. d4 d5 2. c4 e5 3. dxe5 d4 4. a3 Nc6 5. Nf3 Bg4 6. Nbd2 Nge7 7. h3 Bh5 8. Qb3
Na5 9. Qa4+ Nec6 10. b4 Bxf3 11. gxf3 d3 12. Bb2 Nxc4 13. Nxc4 Qd5 14. Nd2
O-O-O 15. Qb3 dxe2 16. Qxd5 exf1=Q+ 17. Nxf1 Rxd5 18. Ne3 Rd8 19. Ke2 Nd4+ 20.
Bxd4 Rxd4 21. Rhg1 g6 22. Rad1 Rxd1 23. Rxd1 Bg7 24. f4 Re8 25. Rd5 f6 26. Nc4
fxe5 27. fxe5 c6 28. Nd6+ Kd7 29. Nxe8+ Kxe8 30. Rd4 Ke7 31. f4 h6 32. h4 Bf8
33. Kf3 Ke6 34. Rd8 Be7 35. Rb8 b6 36. Rb7 Bxh4 37. Rh7 1-0

[Event "9eme Open International de La Fere"]
[Site "La Fere (FRA)"]
[Date "2010.07.06"]
[Round "5.48"]
[White "Van Poucke, Anthony"]
[Black "Oziol, Joris"]
[Result "1/2-1/2"]
[WhiteElo "1581"]
[BlackElo "1730"]
[PlyCount "42"]
[EventDate "2010.??.??"]

1. e4 c6 2. d4 d5 3. e5 Bf5 4. Bd3 Bxd3 5. Qxd3 e6 6. Nf3 c5 7. c3 Ne7 8. Bg5
Qb6 9. O-O Nbc6 10. Bxe7 Bxe7 11. b3 O-O-O 12. Nbd2 g5 13. c4 g4 14. cxd5 Rxd5
15. Nc4 Qc7 16. Ne3 gxf3 17. Nxd5 exd5 18. Qxf3 Nxd4 19. Qxd5 Ne6 20. b4 b6 21.
Qa8+ Qb8 1/2-1/2

[Event "9eme Open International de La Fere"]
[Site "La Fere (FRA)"]
[Date "2010.07.06"]
[Round "5.49"]
[White "Remy, Camille"]
[Black "Brelot, Loic"]
[Result "0-1"]
[WhiteElo "1360"]
[BlackElo "1706"]
[PlyCount "37"]
[EventDate "2010.??.??"]

1. e4 c6 2. Nc3 d5 3. d3 dxe4 4. dxe4 Qc7 5. Nf3 Bg4 6. Be2 e6 7. Be3 Nf6 8.
Qd2 Nbd7 9. O-O-O Bb4 10. Qd4 Bc5 11. Qd3 Bxe3+ 12. Qxe3 Qa5 13. Kb1 O-O 14. e5
Nd5 15. Nxd5 exd5 16. Qg5 Bxf3 17. Bxf3 g6 18. Bg4 Rab8 19. Qf4 0-1

[Event "9eme Open International de La Fere"]
[Site "La Fere (FRA)"]
[Date "2010.07.06"]
[Round "5.50"]
[White "Alloui-Cros, Baptiste"]
[Black "Tawegoum, Ivan"]
[Result "0-1"]
[WhiteElo "1510"]
[BlackElo "1601"]
[PlyCount "130"]
[EventDate "2010.??.??"]

1. d4 d5 2. c4 c6 3. Nc3 Nf6 4. Nf3 e6 5. Bg5 Be7 6. Bf4 Nbd7 7. cxd5 Nxd5 8.
Nxd5 exd5 9. e3 Nf6 10. Bd3 O-O 11. O-O Re8 12. Qb3 Bd6 13. Bxd6 Qxd6 14. Rfc1
Rb8 15. Rc5 Be6 16. Rac1 Ne4 17. Qa4 Nxc5 18. Rxc5 Qe7 19. Qxa7 Ra8 20. Qb6
Rxa2 21. Ne5 f6 22. Nf3 Bf5 23. Be2 Ra1+ 24. Bf1 Bd3 25. Nd2 Rea8 26. Qb3 Bb5
27. g3 Qd7 28. Kg2 Bxf1+ 29. Nxf1 h5 30. e4 R1a5 31. Ne3 Rxc5 32. dxc5 Kh8 33.
exd5 cxd5 34. Nxd5 Qc6 35. Kh3 Qe6+ 36. Kg2 Rd8 37. Qxb7 Qxd5+ 38. Qxd5 Rxd5
39. b4 Kg8 40. Kf3 Kf7 41. Ke4 Ke6 42. Kf4 g5+ 43. Ke4 g4 44. f3 gxf3 45. Kxf3
Ke5 46. Ke3 Rd4 47. b5 Rd5 48. c6 Rxb5 49. c7 Rc5 50. Kf3 Rxc7 51. g4 Rc3+ 52.
Kg2 hxg4 53. Kf2 f5 54. Kg2 f4 55. Kg1 Rc1+ 56. Kf2 Rc2+ 57. Kf1 Rxh2 58. Kg1
g3 59. Kf1 f3 60. Kg1 Re2 61. Kf1 Rd2 62. Ke1 Rc2 63. Kd1 Rb2 64. Ke1 g2 65.
Kd1 g1=Q# 0-1

[Event "9eme Open International de La Fere"]
[Site "La Fere (FRA)"]
[Date "2010.07.06"]
[Round "5.51"]
[White "De Brouwere, Johan"]
[Black "Caloone, Claire"]
[Result "1-0"]
[WhiteElo "1835"]
[BlackElo "1320"]
[PlyCount "26"]
[EventDate "2010.??.??"]

1. d4 d5 2. Nf3 Nf6 3. Bf4 Nc6 4. e3 Bg4 5. c3 e6 6. Nbd2 Bd6 7. Qa4 a6 8. Ne5
Bxe5 9. dxe5 Nh5 10. Bg3 Nxg3 11. hxg3 O-O 12. Qxg4 Nxe5 13. Qh5 Qd7 1-0

[Event "9eme Open International de La Fere"]
[Site "La Fere (FRA)"]
[Date "2010.07.07"]
[Round "6.1"]
[White "Romanov, Evgeny"]
[Black "Fomichenko, Eduard"]
[Result "1-0"]
[WhiteElo "2590"]
[BlackElo "2458"]
[PlyCount "73"]
[EventDate "2010.07.07"]

1. d4 d5 2. Nf3 Nf6 3. c4 e6 4. cxd5 exd5 5. Nc3 c6 6. Qc2 Na6 7. Bg5 Nc7 8. e3
Ne6 9. Bh4 Be7 10. Bd3 g6 11. h3 Ng7 12. g4 Be6 13. O-O-O Nd7 14. Bg3 Qa5 15.
Ne5 Nxe5 16. Bxe5 f6 17. Bg3 O-O 18. f4 f5 19. h4 c5 20. h5 c4 21. Bf1 fxg4 22.
hxg6 Bf5 23. Nxd5 Bd6 24. Bxc4 Ne6 25. e4 Bxg6 26. Nc3 Rae8 27. Qb3 Bxf4+ 28.
Bxf4 Rxf4 29. Bxe6+ Kh8 30. d5 Qc5 31. Kb1 g3 32. Rhg1 Rf3 33. Qc2 Rf2 34. Qd3
g2 35. Qg3 Ref8 36. Qe5+ R8f6 37. Rxg2 1-0

[Event "9eme Open International de La Fere"]
[Site "La Fere (FRA)"]
[Date "2010.??.??"]
[Round "6.2"]
[White "Marchyllie, Bruno"]
[Black "Colin, Vincent"]
[Result "0-1"]
[WhiteElo "2131"]
[BlackElo "2425"]
[PlyCount "110"]
[EventDate "2010.07.07"]

1. e4 g6 2. Nc3 Bg7 3. g3 d6 4. Bg2 Nc6 5. d3 h5 6. Be3 e5 7. Qd2 h4 8. h3 hxg3
9. fxg3 Nd4 10. Nce2 Be6 11. c3 Nxe2 12. Qxe2 d5 13. Nf3 d4 14. Bd2 c5 15. c4
f6 16. g4 Qd7 17. g5 Bxh3 18. Bxh3 Rxh3 19. O-O-O O-O-O 20. Rxh3 Qxh3 21. gxf6
Bxf6 22. Rg1 Ne7 23. Ng5 Qh5 24. Qg2 Rh8 25. Nf7 Rh7 26. Nd6+ Kb8 27. Ne8 Bh4
28. Rf1 Rh8 29. Ng7 Qh7 30. Rf7 Rg8 31. Qh2 Nc6 32. Bf4 Ka8 33. Qh3 Nb8 34. Bd2
Rxg7 35. Rxg7 Qxg7 36. Qxh4 Nc6 37. Bg5 a6 38. Bf6 Qg8 39. Be7 Nxe7 40. Qxe7 g5
41. Qxe5 g4 42. Qg3 Qg5+ 43. Kd1 Ka7 44. a3 Qh5 45. Ke2 Qh6 46. e5 a5 47. Kd1
Qh3 48. Qe1 Qxd3+ 49. Kc1 Qe3+ 50. Qxe3 dxe3 51. e6 g3 52. e7 g2 53. e8=Q g1=Q+
54. Kc2 Qf2+ 55. Kc3 e2 0-1

[Event "9eme Open International de La Fere"]
[Site "La Fere (FRA)"]
[Date "2010.??.??"]
[Round "6.4"]
[White "Forthofer, Robert"]
[Black "Koechler, Thomas"]
[Result "1-0"]
[WhiteElo "2303"]
[BlackElo "1299"]
[PlyCount "67"]
[EventDate "2010.07.07"]

1. d4 d5 2. c4 e6 3. Nc3 Nc6 4. Nf3 Nge7 5. e3 g6 6. Be2 Bg7 7. O-O O-O 8. Qc2
b6 9. b3 Bb7 10. Ba3 Na5 11. cxd5 exd5 12. Rac1 Re8 13. Bb5 Bc6 14. Bd3 Bd7 15.
Bxe7 Qxe7 16. Nxd5 Qd6 17. Nxc7 Rec8 18. Ba6 Bf6 19. Bxc8 Rxc8 20. Nb5 Qb4 21.
Nc3 Bf5 22. Qd2 Rd8 23. Nd5 Qd6 24. Nxf6+ Qxf6 25. Qe2 Nc6 26. Rfd1 Ne7 27. Ne5
h5 28. Qf3 Qg5 29. Rc7 Re8 30. Rdc1 h4 31. h3 f6 32. Nc6 Nc8 33. Qd5+ Re6 34.
Qd8+ 1-0

[Event "9eme Open International de La Fere"]
[Site "La Fere (FRA)"]
[Date "2010.??.??"]
[Round "6.5"]
[White "Pisk, Petr"]
[Black "Feryn, Benjamin"]
[Result "1/2-1/2"]
[WhiteElo "2337"]
[BlackElo "2034"]
[PlyCount "84"]
[EventDate "2010.07.07"]

1. e4 e5 2. Nf3 Nc6 3. Bc4 Bc5 4. O-O Nf6 5. d4 Bxd4 6. Nxd4 Nxd4 7. f4 d6 8.
fxe5 dxe5 9. Bg5 Be6 10. Na3 Qe7 11. Bxf6 gxf6 12. c3 Bxc4 13. Nxc4 Ne6 14. b4
Qd7 15. Rxf6 Qxd1+ 16. Rxd1 Ke7 17. Rh6 Rad8 18. Rf1 Nf4 19. Nxe5 Ne2+ 20. Kh1
f6 21. Nf3 Nxc3 22. e5 Rdf8 23. Re1 fxe5 24. Nxe5 Kd8 25. Rh3 Ne4 26. Ra3 a6
27. b5 Rf5 28. Nf3 Nc5 29. h3 Re8 30. Rd1+ Kc8 31. bxa6 Nxa6 32. Rd2 Rf7 33.
Rad3 Nc5 34. Ra3 Na6 35. Rc2 Kb8 36. Ra5 Rd7 37. Rh5 Ree7 38. Rb2 b6 39. Kh2
Ka7 40. Rc2 Nc5 41. Rf5 Kb7 42. h4 Nd3 1/2-1/2

[Event "9eme Open International de La Fere"]
[Site "La Fere (FRA)"]
[Date "2010.??.??"]
[Round "6.6"]
[White "Rigolot, Lucie"]
[Black "Fomichenko, Svetlana"]
[Result "0-1"]
[WhiteElo "1902"]
[BlackElo "2217"]
[PlyCount "104"]
[EventDate "2010.07.07"]

1. e4 c5 2. Nf3 Nc6 3. d4 cxd4 4. Nxd4 e5 5. Nb5 d6 6. Be3 a6 7. N5c3 Nf6 8.
Bc4 Be7 9. Nd5 Nxd5 10. Bxd5 O-O 11. O-O Bg5 12. Re1 Bxe3 13. Rxe3 Nd4 14. c3
Ne6 15. Na3 Nf4 16. Bb3 b5 17. Nc2 Bb7 18. a4 bxa4 19. Rxa4 Bc6 20. Ra1 a5 21.
Na3 Qg5 22. Rg3 Qe7 23. Nc4 Bxe4 24. Nxd6 Bg6 25. Nc4 Bh5 26. Qe1 Ne2+ 27. Kh1
Nxg3+ 28. hxg3 e4 29. Nxa5 Qc5 30. c4 Ra6 31. Bc2 Bg6 32. b4 Qh5+ 33. Kg1 Bf5
34. Bd1 Bg4 35. Bxg4 Qxg4 36. Qd1 Qg5 37. Qe2 Re8 38. Re1 Rh6 39. Qe3 Qh5 40.
f4 Qh2+ 41. Kf2 Rg6 42. Nb3 h5 43. Nc1 Rd8 44. Ne2 f5 45. Qc5 Rd3 46. Rg1 Rdxg3
47. Qc8+ Kh7 48. Qxf5 Rxg2+ 49. Rxg2 Qxg2+ 50. Ke1 Qf3 51. c5 e3 52. Qd3 Qh1+
0-1

[Event "9eme Open International de La Fere"]
[Site "La Fere (FRA)"]
[Date "2010.??.??"]
[Round "6.7"]
[White "Eeckhout, Jean-Louis"]
[Black "Henris, Luc"]
[Result "0-1"]
[WhiteElo "1713"]
[BlackElo "2213"]
[PlyCount "48"]
[EventDate "2010.07.07"]

1. d4 d5 2. c4 e5 3. dxe5 d4 4. a3 Nc6 5. Nf3 Bg4 6. Nbd2 Qe7 7. h3 Bh5 8. Qa4
O-O-O 9. b4 Kb8 10. g4 Bg6 11. Bg2 h5 12. g5 h4 13. Bb2 f6 14. gxf6 gxf6 15.
exf6 Nxf6 16. b5 Ne5 17. Bxd4 Nd3+ 18. Kf1 Rxd4 19. Nxd4 Bh6 20. Bxb7 Kxb7 21.
Qa6+ Ka8 22. Nc6 Qc5 23. e3 Nxf2 24. Nb3 Bd3+ 0-1

[Event "9eme Open International de La Fere"]
[Site "La Fere (FRA)"]
[Date "2010.??.??"]
[Round "6.8"]
[White "Demanghon, Jonathan"]
[Black "Dumas, Victor"]
[Result "1-0"]
[WhiteElo "2183"]
[BlackElo "1865"]
[PlyCount "56"]
[EventDate "2010.07.07"]

1. Nf3 Nf6 2. c4 e6 3. g3 d5 4. d4 c5 5. cxd5 exd5 6. Nc3 Nc6 7. Bg2 cxd4 8.
Nxd4 h6 9. O-O Be6 10. Bf4 Bc5 11. Nxc6 bxc6 12. Rc1 Rc8 13. Na4 Bd6 14. Bxd6
Qxd6 15. Qd4 Qe7 16. Rc3 O-O 17. Rfc1 Qb7 18. b3 Rc7 19. Nc5 Qc8 20. b4 Rd8 21.
a3 Ne8 22. Qe5 Nd6 23. Nxe6 fxe6 24. Bh3 Nf5 25. g4 d4 26. Rc5 Ne7 27. g5 Kf7
28. Bxe6+ Qxe6 1-0

[Event "9eme Open International de La Fere"]
[Site "La Fere (FRA)"]
[Date "2010.??.??"]
[Round "6.9"]
[White "Jimenez, Martin"]
[Black "Degraeve, Jean-Marc"]
[Result "0-1"]
[WhiteElo "1849"]
[BlackElo "2569"]
[PlyCount "66"]
[EventDate "2010.07.07"]

1. d4 d6 2. Nf3 g6 3. b3 Bg7 4. Bb2 c5 5. e3 Nc6 6. Bd3 cxd4 7. exd4 Bg4 8. Be2
d5 9. O-O Nf6 10. Nbd2 O-O 11. Ne5 Bxe2 12. Qxe2 Rc8 13. a3 e6 14. Rac1 Qb6 15.
Qd3 Rc7 16. Kh1 Ne8 17. f4 Nd6 18. Bc3 Rfc8 19. Bb2 f6 20. Nxc6 Rxc6 21. Rfe1
Kf7 22. a4 f5 23. Nf3 Ne4 24. Ng5+ Kg8 25. Nxe4 dxe4 26. Qd2 Rd8 27. a5 Qc7 28.
c4 Rcd6 29. d5 Bxb2 30. Qxb2 exd5 31. cxd5 Qxa5 32. Red1 Rxd5 33. Rxd5 Qxd5 0-1

[Event "9eme Open International de La Fere"]
[Site "La Fere (FRA)"]
[Date "2010.??.??"]
[Round "6.10"]
[White "Laurent, Bruno"]
[Black "Timmermans, Eric"]
[Result "1-0"]
[WhiteElo "2336"]
[BlackElo "1825"]
[PlyCount "75"]
[EventDate "2010.07.07"]

1. e4 Nf6 2. e5 Nd5 3. d4 d6 4. Nf3 Bg4 5. Be2 e6 6. h3 Bh5 7. c4 Nb6 8. exd6
cxd6 9. Nc3 Be7 10. d5 e5 11. g4 Bg6 12. h4 h5 13. g5 Bf5 14. Nd2 g6 15. Nde4
Na6 16. Be3 Bxe4 17. Nxe4 Nd7 18. a3 Nac5 19. Nxc5 Nxc5 20. b4 Nd7 21. c5 a6
22. c6 bxc6 23. dxc6 Nb6 24. Rc1 Qd7 25. f4 a5 26. fxe5 Nc8 27. O-O O-O 28. b5
dxe5 29. Bc4 e4 30. Kg2 Rb8 31. Rxf7 Rxf7 32. Bxf7+ Kh7 33. Bg8+ Kg7 34. Qd5
Nd6 35. Bd4+ Kf8 36. Rf1+ Ke8 37. Bf7+ Kd8 38. Bxg6 1-0

[Event "9eme Open International de La Fere"]
[Site "La Fere (FRA)"]
[Date "2010.??.??"]
[Round "6.11"]
[White "Vernadet, Cyril"]
[Black "Dal Borgo, Albin"]
[Result "0-1"]
[WhiteElo "1750"]
[BlackElo "2204"]
[PlyCount "60"]
[EventDate "2010.07.07"]

1. d4 d5 2. g3 Nf6 3. f4 c5 4. Bg2 cxd4 5. Nf3 Nc6 6. Nxd4 Qb6 7. c3 e6 8. Qb3
Qd8 9. Qb5 Qc7 10. Nxc6 bxc6 11. Qd3 a5 12. Be3 Ba6 13. Qc2 Ng4 14. Bf2 Nxf2
15. Kxf2 Bc5+ 16. Ke1 O-O 17. Nd2 e5 18. f5 g6 19. b3 e4 20. c4 Qe5 21. Rb1 Bb4
22. e3 dxc4 23. Rf1 cxb3 24. Rxb3 Bxf1 25. Kxf1 Qb5+ 26. Kf2 Qxf5+ 27. Kg1 Bxd2
28. Qxd2 Rab8 29. Qc2 Rxb3 30. axb3 Re8 0-1

[Event "9eme Open International de La Fere"]
[Site "La Fere (FRA)"]
[Date "2010.??.??"]
[Round "6.12"]
[White "Defrance, Laurent"]
[Black "Dagnicourt, Francis"]
[Result "1-0"]
[WhiteElo "2190"]
[BlackElo "1748"]
[PlyCount "75"]
[EventDate "2010.07.07"]

1. d4 d5 2. c4 c6 3. cxd5 cxd5 4. Nf3 Nf6 5. Nc3 e6 6. Bf4 Be7 7. e3 Nc6 8. Rc1
a6 9. Bd3 O-O 10. h3 Nh5 11. Bh2 f5 12. Ne5 Nf6 13. O-O Nd7 14. Nxc6 bxc6 15.
Na4 Bb7 16. Qb3 Ra7 17. Qc3 a5 18. a3 Qe8 19. Be2 g5 20. Bc7 Bd8 21. Bxd8 Qxd8
22. Nc5 Nxc5 23. Qxc5 Ra8 24. Rc3 a4 25. Qb4 Qd7 26. Rc5 Qc7 27. Rfc1 Rfc8 28.
Bd1 Ra6 29. Bxa4 Rb6 30. Qc3 Qe7 31. b4 f4 32. exf4 gxf4 33. b5 Qg5 34. Qf3 Rc7
35. Qe2 Bc8 36. Rxc6 Rbxc6 37. Rxc6 Rxc6 38. bxc6 1-0

[Event "9eme Open International de La Fere"]
[Site "La Fere (FRA)"]
[Date "2010.??.??"]
[Round "6.13"]
[White "Huyet, Yannick"]
[Black "Feryn, Alexandre"]
[Result "0-1"]
[WhiteElo "1700"]
[BlackElo "2075"]
[PlyCount "60"]
[EventDate "2010.07.07"]

1. e4 c5 2. Nf3 e6 3. d4 cxd4 4. Nxd4 a6 5. Nc3 Qc7 6. g3 Bb4 7. Bd2 Nf6 8. Bg2
Nc6 9. Nxc6 dxc6 10. O-O e5 11. a3 Be7 12. h3 b5 13. Qe2 Bb7 14. Bg5 h6 15.
Bxf6 Bxf6 16. Rad1 O-O 17. Rd3 a5 18. Rfd1 Rfd8 19. Rxd8+ Bxd8 20. Qd3 Qb6 21.
h4 Be7 22. Qe2 Bc8 23. Qd2 Be6 24. Qe3 Bc5 25. Qe1 a4 26. Ne2 b4 27. axb4 Bxb4
28. c3 Bc5 29. Rd2 a3 30. b4 a2 0-1

[Event "9eme Open International de La Fere"]
[Site "La Fere (FRA)"]
[Date "2010.??.??"]
[Round "6.14"]
[White "Paillard, Maximilien"]
[Black "Mataigne, Jean-Michel"]
[Result "0-1"]
[WhiteElo "1578"]
[BlackElo "2054"]
[PlyCount "58"]
[EventDate "2010.07.07"]

1. e4 d6 2. d4 Nf6 3. Nc3 g6 4. f4 Bg7 5. Nf3 O-O 6. Bd3 Nc6 7. e5 dxe5 8. fxe5
Nh5 9. Be3 Bg4 10. Be4 f6 11. exf6 Nxf6 12. Bxc6 bxc6 13. O-O Nd5 14. Nxd5 Qxd5
15. c3 Rab8 16. Qe2 a5 17. h3 Bxf3 18. Rxf3 Rxf3 19. gxf3 Qe6 20. b3 Qxh3 21.
Bf4 Rf8 22. Bxc7 Rxf3 23. Qc4+ Kh8 24. Qxc6 Qg4+ 25. Kh1 Rh3+ 26. Bh2 Bf6 27.
Qg2 Qxg2+ 28. Kxg2 Rxc3 29. d5 Rc2+ 0-1

[Event "9eme Open International de La Fere"]
[Site "La Fere (FRA)"]
[Date "2010.??.??"]
[Round "6.15"]
[White "Waquet, Frederic"]
[Black "Bedu, Jean-Pierre"]
[Result "1-0"]
[WhiteElo "1976"]
[BlackElo "1640"]
[PlyCount "63"]
[EventDate "2010.07.07"]

1. e4 c6 2. d4 d5 3. Nd2 dxe4 4. Nxe4 Bf5 5. Ng3 Bg6 6. f4 e6 7. h4 h6 8. Nf3
Nd7 9. h5 Bh7 10. Bd3 Bxd3 11. Qxd3 Ngf6 12. Bd2 Qc7 13. O-O-O O-O-O 14. Qe2
Bd6 15. Ne5 Nb6 16. Ba5 Bxe5 17. fxe5 Ne8 18. Ne4 Qe7 19. c4 Nc7 20. Nd6+ Kb8
21. Qg4 Nc8 22. c5 f6 23. Rhf1 Rdf8 24. Bxc7+ Kxc7 25. Qg3 f5 26. Kb1 Rfg8 27.
Qg6 Rf8 28. Rf3 a6 29. Rb3 b5 30. Ra3 Kd8 31. Rxa6 Nxd6 32. exd6 1-0

[Event "9eme Open International de La Fere"]
[Site "La Fere (FRA)"]
[Date "2010.??.??"]
[Round "6.16"]
[White "Deneuville, Ludovic"]
[Black "Durot, Edwige"]
[Result "1-0"]
[WhiteElo "1968"]
[BlackElo "1721"]
[PlyCount "63"]
[EventDate "2010.07.07"]

1. e4 c5 2. Nc3 a6 3. a4 e6 4. Bc4 Nc6 5. d3 d6 6. Be3 Nf6 7. Bg5 Be7 8. f4 Nd7
9. Nf3 h6 10. Bxe7 Qxe7 11. O-O O-O 12. Qd2 b6 13. g4 Nd4 14. Qg2 Bb7 15. Rae1
Rae8 16. Nxd4 cxd4 17. Ne2 e5 18. g5 Kh7 19. Qh3 Nc5 20. Rf2 Ne6 21. gxh6 gxh6
22. Qf5+ Kh8 23. fxe5 dxe5 24. Qxe5+ Kh7 25. Ref1 Qg5+ 26. Qxg5 Nxg5 27. Rf6
Rg8 28. Ng3 b5 29. Bxf7 Nxf7 30. Rxf7+ Rg7 31. Rxg7+ Kxg7 32. Nf5+ 1-0